Statistiques concernant Pokémon fusionnés avec Lugia

Cliquez ici pour prendre le quiz!

Statistiques générales

  • Ce quiz a été pris 47 fois
  • Le résultat moyen est 13 sur 16

Statistiques - réponses

Réponse% Correct
Giratina
98%
Celebi
93%
Rattatac
93%
Canarticho
91%
Doduo
86%
Nidoran ♂
86%
Nidorino
84%
Viridium
84%
Flamiaou
82%
Taupiqueur
82%
Kokiyas
77%
Migalos
77%
Chaglam
75%
Sablaireau
75%
Lakmécygne
66%
Arakdo
57%

Distribution des résultats

Percentile par nombre de réponses

% des personnes avec chaque résultat

Votre développement - résultats

Vous n’avez pas pris ce quiz